000 00535 a2200181 4500
005 20241202155320.0
010 _aB-761316
020 _a9789364686907
_c320.00
035 _aB-761316
037 _bGift/28.11.24
082 _a343
245 _aS. Chand's Cyber Sync 5;
_bTowards Technology Windows 10 MS Office 2019/
260 _aU.P.
_bS. Chand's
_c2023
270 _aU. P.
300 _a128 p.
_c27cm (Pb)
942 _adpl
_cCH
_2ddc
_h343
_mCYB
999 _c207315
_d207315